Soprannomi dei paesi - Statistics

Statistiche generali
  • Questo quiz è stato fatto 255 volte
  • Il punteggio medio è 19 su 37
Statistiche sulle risposte
Epiteto Continente Paese % Corretto
La terra delle opportunità Americhe Stati Uniti
94%
Il grande bianco nord Americhe Canada
92%
Lo stivale Europa Italia
92%
Il dono del Nilo Africa Egitto
85%
La locomotiva d'Europa Europa Germania
84%
La perla dei Caraibi Americhe Cuba
82%
Il paese del sol levante Asia Giappone
79%
La terra dei canguri Oceania Australia
78%
Il granaio d'Europa Europa Ucraina
76%
La terra del ghiaccio e del fuoco Europa Islanda
74%
L'esagono Europa Francia
73%
La culla della civiltà occidentale Europa Grecia
72%
L'isola di smeraldo Europa Irlanda
70%
La terra della lunga nuvola bianca Oceania Nuova Zelanda
67%
Il dragone rosso Asia Cina
65%
La terra dei mille laghi Europa Finlandia
65%
La terra santa Asia Israele
64%
La lacrima dell'India Asia Sri Lanka
61%
L'isola rossa Africa Madagascar
60%
La terra della bellezza e della musica Europa Austria
59%
Il paese dell'aquila Europa Albania
58%
La terra dei poeti Americhe Cile
45%
La nazione arcobaleno Africa Sudafrica
38%
La terra di latte e miele Europa Svizzera
36%
La terra di speranza e gloria Europa Regno Unito
35%
Lo smeraldo dell'equatore Asia Indonesia
34%
La terra del drago tonante Asia Bhutan
26%
La Svizzera del Medio Oriente Asia Libano
26%
La terra dei sorrisi Asia Thailandia
23%
L'isola circondata dalla terra Americhe Paraguay
20%
Il cimitero degli imperi Asia Afghanistan
19%
La terra delle pagode dorate Asia Myanmar
14%
Il regno eremita Asia Corea del Nord
10%
La terra del cielo blu Asia Mongolia
10%
Il paese della calma mattutina Asia Corea del Sud
9%
Il regno nel cielo Africa Lesotho
9%
La terra delle mille colline Africa Ruanda
7%
Nessun quiz corrispondente trovato
Distribuzione punteggi
Percentuale di utenti per punteggio
Percentile per numero di risposta
I tuoi punteggi nel tempo
Non hai fatto questo quiz